000 00370nam a2200145 i 4500
001 bg
100 1 _aTIMOSHENKO, S.
245 0 _aTeoria stateczności sprężystej /
_cS. Timoshenko, S. Winowsky-Krieger.
260 _aWarszawa,
_c1962.
700 1 _aWINOWSKY-KRIEGER, S.
040 _cBPK
041 _apol
942 _cKS
008 s pl f |000 0 pol
999 _c4833
_d4833
856 _uhttp://koha.tu.koszalin.pl/cgi-bin/koha/opac-detail.pl?biblionumber=4833
_yKatalog online BPK